000 00745nam a2200229 a 4500
001 000004740
005 20200929151508.0
008 810904s1975 sp 000 f spa
020 _a8402044255
040 _aDO-SdBNP
_bspa
_cBNPHU
082 _a843.7
_bS825c
100 1 _aStendhal
_q(Henri Beyle),
_d1783-1842.
_913782
245 1 3 _aLa cartuja de Parma /
_cStendhal ; traducción, Julio D. Acerete.
260 _aBarcelona :
_bBruguera,
_c1975.
300 _a558 p. ;
_c20 cm.
490 1 _aObras inmortales
534 _aTítitulo original:
_tLa chartreuse de parme
650 4 _aNovela francesa
_91075
650 4 _aLiteratura francesa
_ySIGLO XVIII
_913783
700 1 _aAcerete, Julio D.,
_etr.
_913784
830 0 _aObras inmortales.
_913785
999 _c4546
_d4546